Minecraft 1.17 Achievements - Statistics

General Stats
  • This quiz has been taken 198 times
  • The average score is 42 of 86
Answer Stats
Category Type Achievement % Correct
Minecraft Advancement Diamonds!
85%
Minecraft Advancement The End?
81%
Minecraft Advancement Stone Age
80%
Minecraft Advancement Isn't It Iron Pick
74%
Minecraft Advancement Getting an Upgrade
72%
Nether Hidden Challenge How Did We Get Here?
72%
Adventure Advancement Monster Hunter
69%
Minecraft Advancement Hot Stuff
66%
Minecraft Advancement Suit Up
66%
Nether Advancement A Terrible Fortress
65%
Minecraft Advancement Acquire Hardware
64%
Minecraft Advancement Eye Spy
64%
The End Advancement Free the End
62%
Minecraft Advancement Ice Bucket Challenge
62%
Nether Advancement Into Fire
62%
Husbandry Advancement A Seedy Place
58%
Nether Challenge Cover Me in Debris
58%
Minecraft Advancement Enchanter
58%
Minecraft Advancement We Need to Go Deeper
58%
Nether Advancement War Pigs
57%
Nether Challenge A Furious Cocktail
56%
Minecraft Advancement Cover Me with Diamonds
56%
Adventure Challenge Hero of the Village
56%
Nether Advancement Oh Shiny
56%
Nether Challenge Return to Sender
56%
The End Goal The End... Again...
56%
Adventure Challenge Adventuring Time
54%
Nether Goal Beaconator
54%
The End Goal Sky's the Limit
54%
Husbandry Advancement The Parrots and the Bats
54%
The End Advancement The City at the End of the Game
53%
The End Challenge Great View From Up Here
52%
Minecraft Advancement Not Today, Thank You
52%
Husbandry Challenge Serious Dedication
52%
Nether Advancement Spooky Scary Skeleton
52%
Husbandry Challenge Two by Two
52%
Nether Advancement Those Were the Days
51%
Adventure Advancement What a Deal!
51%
Nether Challenge Hot Tourist Destinations
49%
Nether Advancement Hidden in the Depths
48%
Nether Advancement Local Brewery
48%
Adventure Advancement Ol' Betsy
47%
Adventure Challenge Sniper Duel
47%
Adventure Advancement Take Aim
47%
Adventure Advancement Voluntary Exile
47%
Husbandry Advancement Best Friends Forever
46%
Adventure Challenge Monsters Hunted
46%
Nether Advancement Withering Heights
46%
Adventure Advancement Who's the Pillager Now?
45%
The End Goal The Next Generation
44%
Minecraft Goal Zombie Doctor
44%
Husbandry Challenge A Balanced Diet
43%
The End Advancement Remote Getaway
43%
Nether Challenge Uneasy Alliance
43%
Nether Advancement Bring Home the Beacon
42%
Nether Advancement Who is Cutting Onions?
42%
Adventure Advancement Is it a Bird?
41%
Nether Advancement This Boat Has Legs
41%
The End Goal You Need a Mint
41%
Husbandry Challenge A Complete Catalogue
40%
Adventure Challenge Arbalistic
40%
Adventure Challenge Bullseye
40%
Adventure Goal Postmortal
40%
Adventure Advancement Is it a Balloon?
39%
Adventure Advancement Is it a Plane?
39%
Nether Challenge Subspace Bubble
38%
Husbandry Advancement The Cutest Predator
38%
Adventure Advancement Sticky Situation
37%
Husbandry Advancement Whatever Floats Your Goat!
37%
Adventure Advancement A Throwaway Joke
36%
Adventure Advancement Sweet Dreams
36%
Husbandry Advancement Total Beelocation
35%
Husbandry Advancement Wax On
35%
Adventure Advancement Surge Protector
34%
Husbandry Advancement Tactical Fishing
34%
Adventure Challenge Two Birds, One Arrow
34%
Husbandry Advancement Wax Off
34%
Adventure Advancement Very Very Frightening
33%
Nether Advancement Country Lode, Take Me Home
32%
Adventure Goal Hired Help
32%
Husbandry Advancement Bee Our Guest
30%
Husbandry Advancement The Healing Power of Friendship
30%
Husbandry Advancement Fishy Business
29%
Adventure Advancement Light as a Rabbit
26%
Nether Advancement Not Quite "Nine" Lives
26%
Husbandry Advancement Glow and Behold!
24%
No matching quizzes found
Score Distribution
Percent of People with Each Score
Percentile by Number Answered
Your Score History
You have not taken this quiz